Normal view MARC view
  • Flamholtz E & Randle Y

Entry Personal Name

Number of records used in: 3

001 - CONTROL NUMBER

  • control field: 110870

003 - CONTROL NUMBER IDENTIFIER

  • control field: OSt

005 - DATE AND TIME OF LATEST TRANSACTION

  • control field: 20230125043846.0

008 - FIXED-LENGTH DATA ELEMENTS

  • fixed length control field: 230125|| aca||aabn | a|a d

040 ## - CATALOGING SOURCE

  • Original cataloging agency: OSt
  • Transcribing agency: OSt

100 ## - HEADING--PERSONAL NAME

  • Personal name: Flamholtz E & Randle Y

670 ## - SOURCE DATA FOUND

  • Source citation: Work cat.: (OSt)87736: Flamholtz E 110869, Leading Strategic Change : Bridging Theory and Practice, 2010